Biggest Swedish Counties by Population - Statistics

General Stats
  • This quiz has been taken 52 times
  • The average score is 6 of 10
Answer Stats
Population County % Correct
2,336,404 Stockholm
98%
1,358,637 Skåne
83%
374,613 Uppsala
67%
301,472 Örebro
60%
293,824 Södermanland
60%
287,040 Dalarna
56%
360,169 Jönköping
56%
1,706,393 Västra Götaland
56%
460,471 Östergötland
54%
328,526 Halland
50%
No matching quizzes found
Score Distribution
Percent of People with Each Score
Percentile by Number Answered
Your Score History
You have not taken this quiz